| 000 | 00603nam a22001937a 4500 | ||
|---|---|---|---|
| 005 | 20240301123125.0 | ||
| 010 | _aENG-139518 | ||
| 020 |
_a9789384294724 _c945.00 |
||
| 035 | _aEN-123050 | ||
| 037 | _bDBAD/PUB | ||
| 082 | _a616.079 | ||
| 100 |
_apaul Ajoy _962666 |
||
| 245 |
_aTextbook Of Immunology/ _cby Ajay Paul _bIcluding Immunotechnology & Immunotherapy _hEnglish |
||
| 260 |
_aChimtamoni Das Lane _bArunabha Sen _c2016 |
||
| 270 |
_a8/1 Chintamoni Das Lane _bKolkata _e700009 |
||
| 300 |
_avpp. _c24cm(pbk) |
||
| 942 |
_2ddc _cEN _mPAU _h616.079 _e2016 |
||
| 999 |
_c102134 _d102134 |
||